History Quiz

Random History Quiz

East or West Germany? (states) Quiz Stats

 Plays Quiz not verified by Sporcle

Challenge
Share
Tweet
Embed
Score 0/16 Timer 02:00
0 Plays Today
State East or West? % Correct
North Rhine-Westphalia???
95.5%
Rhineland-Palatinate???
94.6%
Hamburg???
93.7%
Saarland???
93.7%
Bavaria???
92.8%
Brandenburg???
92.8%
Baden-W├╝rttemberg???
90.1%
Bremen???
89.2%
State East or West? % Correct
Mecklenburg-West Pomerania???
85.6%
Saxony???
85.6%
Hesse???
83.8%
Schleswig-Holstein???
83.8%
Berlin???
82%
Saxony-Anhalt???
81.1%
Thuringia???
81.1%
Lower Saxony???
63.1%

You're not logged in!

Compare scores with friends on all Sporcle quizzes.
Join for Free
OR
Log In

You Might Also Like...

Show Comments

Extras

Created Oct 10, 2015ReportNominate
Tags:Germany, West Germany

Top Quizzes Today


Score Distribution

Your Account Isn't Verified!

In order to create a playlist on Sporcle, you need to verify the email address you used during registration. Go to your Sporcle Settings to finish the process.

Report this User

Report this user for behavior that violates our Community Guidelines.

Details: